000 00586nam a2200217Ii 4500
003 JO-AjNU
008 230606s9999||||xx |||||||||||||| ||und||
020 _a978-81-317-1450-8
040 _aJO-AjNU
_beng
_erda
_cJO-AjNU
041 _aeng
050 1 4 _aTK7888.3.M343 2008
100 3 _aMano , Morris,
_eauthor
_9718
245 0 0 _aDigital Design
250 _a4 ed
264 3 1 _aNew Delhi:Tata Mcgraw hill .2008
300 _a622p
336 _atext
_btxt
_2rdacontent
337 _aunmediated
_bn
_2rdamedia
338 _avolume
_bnc
_2rdacarrier
650 4 _aDigital Design
_9719
999 _aE378
_c378
_d378